000 00287nam a2200097Ia 4500
005 20251222114348.0
008 251222s1900||||xx |||||||||||||| ||spa||
082 _aDVD191.3/U61F/2005
245 0 _aEl factor humano en el desarrollo: la ética económica nace de la experiencia :
942 _cDVD
999 _c1138
_d1138